[Event "Tumba Ladies-Veterans"]
[Site "Oranjestad ARU"]
[Date "1992.08.??"]
[Round "1"]
[White "Polgar, Zsuzsa"]
[Black "Panno, Oscar"]
[Result "1-0"]
[WhiteElo "2540"]
[BlackElo "2485"]
[EventDate "1992.08.??"]
[PlyCount "73"]

1.d4 Nf6 2.c4 g6 3.Nc3 Bg7 4.e4 d6 5.h3 O-O 6.Bg5 c6 7.Bd3 a6 8.Nf3 b5 9.
cxb5 axb5 10.a3 Nbd7 11.O-O Bb7 12.b4 Qb8 13.Qe2 Nb6 14.Rfc1 Re8 15.e5 
Nfd5 16.Nxd5 Nxd5 17.e6 Rf8 18.Be4 f6 19.Bd2 Nb6 20.Bd3 d5 21.h4 Nc4 22.h5
Qe8 23.hxg6 hxg6 24.Rc3 Bc8 25.g4 Nd6 26.Bf4 Ne4 27.Bxe4 dxe4 28.Qxe4 f5 
29.gxf5 gxf5 30.Qxc6 Qxc6 31.Rxc6 Bb7 32.Rc3 Rfc8 33.Rac1 Rc4 34.Ne5 Rxd4 
35.Ng6 Bf6 36.Rg3 Kh7 37.Kh2 1-0

[Event "Tumba Ladies-Veterans"]
[Site "Oranjestad ARU"]
[Date "1992.08.??"]
[Round "1"]
[White "Galliamova, Alisa"]
[Black "Polugaevsky, Lev"]
[Result "1/2-1/2"]
[WhiteElo "2400"]
[BlackElo "2640"]
[EventDate "1992.08.??"]
[PlyCount "82"]

1.d4 Nf6 2.c4 e6 3.Nc3 Bb4 4.e3 O-O 5.Bd3 d5 6.cxd5 exd5 7.Ne2 Re8 8.O-O 
Bd6 9.Nf4 c6 10.f3 a5 11.Kh1 Bxf4 12.exf4 b6 13.f5 Ba6 14.Bxa6 Nxa6 15.Bg5
Qd6 16.Qd2 Nd7 17.Rae1 b5 18.Re3 Nf8 19.Rfe1 Rxe3 20.Qxe3 f6 21.Bf4 Qd7 
22.g4 Kf7 23.Ne2 Re8 24.Qd2 Qe7 25.Bg3 Qb4 26.Qxb4 Nxb4 27.Nc1 Rxe1+ 28.
Bxe1 Nc2 29.Bf2 Nd7 30.Kg2 Nb6 31.Kf1 Na4 32.Nb3 Ke8 33.Nxa5 Kd7 34.b3 Nc3
35.a4 bxa4 36.bxa4 Nxa4 37.Ke2 Na3 38.Nb3 Nb5 39.h4 Ke7 40.Na5 Kd7 41.Nb3 
Ke7 1/2-1/2

[Event "Tumba Ladies-Veterans"]
[Site "Oranjestad ARU"]
[Date "1992.08.??"]
[Round "1"]
[White "Arakhamia, Ketevan"]
[Black "Smyslov, Vassily"]
[Result "1/2-1/2"]
[WhiteElo "2435"]
[BlackElo "2530"]
[EventDate "1992.08.??"]
[PlyCount "70"]

1.e4 e6 2.d4 d5 3.Nc3 Bb4 4.e5 Ne7 5.a3 Bxc3+ 6.bxc3 c5 7.Qg4 Nf5 8.Bd3 h5
9.Qf4 Qh4 10.dxc5 Nd7 11.Bb5 O-O 12.c6 Qxf4 13.Bxf4 bxc6 14.Bxc6 Rb8 15.
Nf3 Rb6 16.Bxd7 Bxd7 17.Kd2 Rfb8 18.h3 Ba4 19.g4 hxg4 20.hxg4 Ne7 21.Be3 
Rb2 22.Nd4 Nc8 23.Kc1 R2b7 24.Rh5 Nb6 25.Nb3 Nd7 26.Nc5 Nxc5 27.Bxc5 Rb2 
28.Kd2 Bxc2 29.Ke3 Bg6 30.Rh2 Rb1 31.Rxb1 Rxb1 32.Bxa7 Rb3 33.Bd4 Rxa3 34.
f3 Ra1 35.Rb2 Rb1 1/2-1/2

[Event "Tumba Ladies-Veterans"]
[Site "Oranjestad ARU"]
[Date "1992.08.??"]
[Round "1"]
[White "Polgar, Judit"]
[Black "Uhlmann, Wolfgang"]
[Result "1/2-1/2"]
[WhiteElo "2575"]
[BlackElo "2480"]
[EventDate "1992.08.??"]
[PlyCount "105"]

1.e4 e6 2.d4 d5 3.Nc3 Bb4 4.e5 Ne7 5.a3 Bxc3+ 6.bxc3 c5 7.Qg4 O-O 8.Bd3 
Nbc6 9.Qh5 Ng6 10.Nf3 Qc7 11.Be3 c4 12.Bxg6 fxg6 13.Qg4 Qf7 14.Ng5 Qe8 15.
h4 h6 16.Nh3 Ne7 17.Nf4 Bd7 18.Rh3 Rf5 19.Kd2 Qf7 20.Ne2 Rf8 21.f4 Qe8 22.
Qf3 Bc6 23.Bf2 Qd8 24.Qe3 h5 25.Rhh1 Qa5 26.g4 hxg4 27.Qg3 Kf7 28.Qxg4 Ke8
29.h5 gxh5 30.Qxg7 Kd7 31.Rxh5 Rxh5 32.Qxf8 Rh2 33.Rf1 Qd8 34.Qf7 Qe8 35.
Qxe8+ Kxe8 36.Ng1 Nf5 37.Nf3 Rg2 38.Ke1 Ba4 39.Rh1 Bxc2 40.Ng5 Kd7 41.Rh8 
Ne7 42.Nf7 Ng6 43.Rg8 Nxf4 44.Rxg2 Nxg2+ 45.Kd2 Bg6 46.Nd6 Kc6 47.Nc8 Kc7 
48.Nxa7 Be8 49.Bg3 Kb8 50.Ke2 Kxa7 51.Kf2 Ka6 52.Kxg2 Ka5 53.Bh4 1/2-1/2

[Event "Tumba Ladies-Veterans"]
[Site "Oranjestad ARU"]
[Date "1992.08.??"]
[Round "3"]
[White "Arakhamia, Ketevan"]
[Black "Uhlmann, Wolfgang"]
[Result "1-0"]
[WhiteElo "2435"]
[BlackElo "2480"]
[EventDate "1992.08.??"]
[PlyCount "89"]

1.e4 e6 2.d4 d5 3.Nc3 Bb4 4.e5 Ne7 5.a3 Bxc3+ 6.bxc3 c5 7.Qg4 O-O 8.Bd3 
Nbc6 9.Nf3 f5 10.exf6 Rxf6 11.Bg5 Rf7 12.Qh5 g6 13.Qh4 c4 14.Be2 Qa5 15.
Bd2 Nf5 16.Qg5 Nd6 17.h4 Ne4 18.Qe3 Ne7 19.g4 h5 20.Ng5 Nxg5 21.hxg5 e5 
22.dxe5 Bxg4 23.Bxg4 hxg4 24.e6 Rg7 25.Qe5 Re8 26.Qh2 Kf8 27.Qd6 Kg8 28.
Qh2 Kf8 29.Kf1 Nf5 30.Qe5 Kg8 31.Re1 Qc7 32.Qxd5 Rge7 33.Qg2 Rxe6 34.Rxe6 
Rxe6 35.Qxg4 b5 36.Qh3 Qg7 37.Bf4 Re4 38.Qf3 Qb7 39.Qh3 Kf7 40.Qh8 Ke6 41.
Rh7 Qxh7 42.Qxh7 Rxf4 43.Qxg6+ Kd5 44.Qf7+ Kd6 45.Qxa7 1-0

[Event "Tumba Ladies-Veterans"]
[Site "Oranjestad ARU"]
[Date "1992.08.??"]
[Round "3"]
[White "Galliamova, Alisa"]
[Black "Panno, Oscar"]
[Result "1/2-1/2"]
[WhiteElo "2400"]
[BlackElo "2485"]
[EventDate "1992.08.??"]
[PlyCount "34"]

1.d4 e6 2.c4 Bb4+ 3.Bd2 Qe7 4.Nf3 f5 5.e3 Nf6 6.Bd3 O-O 7.Qc2 c6 8.c5 
Bxd2+ 9.Nbxd2 b6 10.O-O Ba6 11.b4 Nd5 12.Rfb1 Bxd3 13.Qxd3 a5 14.bxa5 bxc5
15.Nc4 Ra7 16.Rb2 Na6 17.Rab1 cxd4 1/2-1/2

[Event "Tumba Ladies-Veterans"]
[Site "Oranjestad ARU"]
[Date "1992.08.??"]
[Round "4"]
[White "Polugaevsky, Lev"]
[Black "Cramling, Pia"]
[Result "1-0"]
[WhiteElo "2640"]
[BlackElo "2530"]
[EventDate "1992.08.??"]
[PlyCount "45"]

1.Nf3 c5 2.c4 Nc6 3.d4 cxd4 4.Nxd4 e6 5.Nc3 Bb4 6.Nb5 a6 7.Nd6+ Ke7 8.Bf4 
Nf6 9.a3 Bxc3+ 10.bxc3 Qa5 11.Qd2 Qc5 12.Rd1 Ne5 13.e3 Rd8 14.Be2 b5 15.
cxb5 axb5 16.Nxb5 Ne8 17.O-O Ba6 18.a4 Bb7 19.Ra1 f6 20.Qd4 Rdc8 21.Rfd1 
Qc6 22.f3 d6 23.Na7 1-0

[Event "Tumba Ladies-Veterans"]
[Site "Oranjestad ARU"]
[Date "1992.08.??"]
[Round "4"]
[White "Panno, Oscar"]
[Black "Arakhamia, Ketevan"]
[Result "1-0"]
[WhiteElo "2485"]
[BlackElo "2435"]
[EventDate "1992.08.??"]
[PlyCount "84"]

1.d4 Nf6 2.c4 g6 3.Nc3 Bg7 4.e4 d6 5.f3 O-O 6.Be3 c5 7.Nge2 Nc6 8.d5 Ne5 
9.Ng3 e6 10.Be2 exd5 11.cxd5 a6 12.a4 h5 13.O-O Nh7 14.Qd2 Rb8 15.Rfb1 Qc7
16.h3 h4 17.Nf1 f5 18.f4 Nf7 19.Bd3 g5 20.exf5 gxf4 21.Bxf4 Ne5 22.Ne3 c4 
23.Bc2 b5 24.axb5 axb5 25.Rf1 b4 26.Ncd1 Qb6 27.Kh1 Ba6 28.Re1 Rbe8 29.Ra4
Rb8 30.Nf2 Nf7 31.Ned1 Nf6 32.Ng4 Nh5 33.Bh2 Qb5 34.b3 c3 35.Qf2 Bb7 36.f6
Ng5 37.Qxh4 Nxf6 38.Qxg5 Nxg4 39.Qxg4 Rf1+ 40.Rxf1 Qxf1+ 41.Bg1 Bxd5 42.
Ne3 1-0

[Event "Tumba Ladies-Veterans"]
[Site "Oranjestad ARU"]
[Date "1992.09.??"]
[Round "6"]
[White "Panno, Oscar"]
[Black "Cramling, Pia"]
[Result "1/2-1/2"]
[WhiteElo "2485"]
[BlackElo "2530"]
[EventDate "1992.08.??"]
[PlyCount "52"]

1.d4 Nf6 2.Nf3 c5 3.d5 e6 4.Nc3 Nxd5 5.Nxd5 exd5 6.Qxd5 Be7 7.e4 O-O 8.Bc4
d6 9.O-O Nd7 10.Qh5 Nf6 11.Qh4 Bg4 12.c3 Qd7 13.Bg5 h6 14.Bxf6 Bxf6 15.Qg3
Be6 16.Bxe6 Qxe6 17.Rfe1 Rfd8 18.Qf4 b5 19.e5 dxe5 20.Nxe5 Bxe5 21.Qxe5 
Qxe5 22.Rxe5 Rd2 23.Rxc5 Rxb2 24.a4 bxa4 25.g3 Re8 26.Rxa4 Re7 1/2-1/2

[Event "Tumba Ladies-Veterans"]
[Site "Oranjestad ARU"]
[Date "1992.09.??"]
[Round "7"]
[White "Cramling, Pia"]
[Black "Geller, Efim"]
[Result "1/2-1/2"]
[WhiteElo "2530"]
[BlackElo "2525"]
[EventDate "1992.08.??"]
[PlyCount "56"]

1.d4 d5 2.c4 e6 3.Nc3 Be7 4.Nf3 Nf6 5.Bg5 h6 6.Bh4 O-O 7.e3 b6 8.Qc2 Bb7 
9.Bxf6 Bxf6 10.cxd5 exd5 11.g4 c5 12.O-O-O Nc6 13.h4 g6 14.g5 hxg5 15.hxg5
Bg7 16.Rh4 cxd4 17.exd4 Rc8 18.Kb1 Re8 19.Bh3 Rc7 20.Qd2 Rce7 21.Nh2 Ba6 
22.Ng4 Re2 23.Nxe2 Rxe2 24.Qc1 Nb4 25.Ne5 Bxe5 26.dxe5 Bd3+ 27.Ka1 Nc2+ 
28.Kb1 Na3+ 1/2-1/2

[Event "Tumba Ladies-Veterans"]
[Site "Oranjestad ARU"]
[Date "1992.09.??"]
[Round "7"]
[White "Galliamova, Alisa"]
[Black "Uhlmann, Wolfgang"]
[Result "0-1"]
[WhiteElo "2400"]
[BlackElo "2480"]
[EventDate "1992.08.??"]
[PlyCount "102"]

1.d4 Nf6 2.c4 g6 3.Nf3 Bg7 4.g3 d6 5.Bg2 O-O 6.O-O Nbd7 7.Nc3 e5 8.h3 c6 
9.e4 Qb6 10.Re1 exd4 11.Nxd4 Ne8 12.Nf3 Qb4 13.Bf1 Nc5 14.Qc2 f5 15.e5 
dxe5 16.Nxe5 Ne6 17.Nd3 Qa5 18.c5 Nd4 19.Qd1 f4 20.Nxf4 Qxc5 21.Be3 Kh8 
22.Bg2 Nd6 23.Nce2 N6f5 24.Nxd4 Nxd4 25.Ne2 Nxe2+ 26.Rxe2 Qc4 27.a3 Bf5 
28.Rc1 Rad8 29.Qe1 Qa4 30.Bg5 Rd7 31.Be7 Re8 32.Bb4 Rxe2 33.Qxe2 h5 34.Kh2
Kh7 35.Bc3 Bd4 36.Bxd4 Qxd4 37.Rc3 Bd3 38.Qf3 Kg7 39.h4 Bf5 40.Qe2 Bd3 41.
Qf3 Bc4 42.Rc2 a5 43.b3 Be6 44.Rc3 Bf5 45.Rc4 Qd2 46.Rc3 Bd3 47.Bh3 Rd5 
48.Rc4 Bxc4 49.bxc4 Rd3 50.Qg2 Qc1 51.g4 Rd2 0-1

[Event "Tumba Ladies-Veterans"]
[Site "Oranjestad ARU"]
[Date "1992.09.??"]
[Round "8"]
[White "Uhlmann, Wolfgang"]
[Black "Arakhamia, Ketevan"]
[Result "1/2-1/2"]
[WhiteElo "2480"]
[BlackElo "2435"]
[EventDate "1992.08.??"]
[PlyCount "146"]

1.c4 e5 2.Nc3 Nc6 3.Nf3 f5 4.d4 e4 5.Bg5 Nf6 6.Nd2 Be7 7.e3 d6 8.b4 O-O 9.
Qb3 Kh8 10.Be2 Bd7 11.O-O h6 12.Bxf6 Bxf6 13.Nd5 Bg5 14.f4 exf3 15.Nxf3 
Ne7 16.Nf4 Qe8 17.Rae1 Bf6 18.Nd2 a5 19.b5 g6 20.Bf3 c6 21.a4 Kh7 22.Qa3 
Nc8 23.Kh1 Qf7 24.Rb1 Ra7 25.g3 Re8 26.Rfe1 Re7 27.Qd3 Qg7 28.Re2 Re8 29.
Rbe1 Nb6 30.Qa3 Qf8 31.bxc6 bxc6 32.h4 c5 33.dxc5 dxc5 34.e4 Bd4 35.exf5 
gxf5 36.Rxe8 Bxe8 37.Ne6 Qg8 38.Kg2 f4 39.Ne4 Nxc4 40.Qb3 Kh8 41.Qxc4 Bf7 
42.Qc1 Bxe6 43.Qxf4 Rf7 44.Qxh6+ Rh7 45.Qf4 Rf7 46.Qh6+ Rh7 47.Qd2 Bd5 48.
Ng5 Rb7 49.Nf7+ Qxf7 50.Qh6+ Kg8 51.Qg5+ Kh7 52.Bxd5 Qf2+ 53.Kh3 Qxe1 54.
Qf5+ Kg7 55.Bxb7 Be5 56.Qf3 Qc3 57.Qg4+ Kf8 58.h5 Qe3 59.Qg6 Ke7 60.Bd5 
Qd4 61.Qe6+ Kd8 62.h6 Qe3 63.Qg8+ Ke7 64.h7 Qh6+ 65.Kg4 Qg7+ 66.Kf5 Qf6+ 
67.Ke4 Bd4 68.Bb3 Qe5+ 69.Kd3 Qe3+ 70.Kc4 Qe2+ 71.Kd5 Qf3+ 72.Kc4 Qe2+ 73.
Kd5 Qf3+ 1/2-1/2

[Event "Tumba Ladies-Veterans"]
[Site "Oranjestad ARU"]
[Date "1992.09.??"]
[Round "8"]
[White "Panno, Oscar"]
[Black "Galliamova, Alisa"]
[Result "1/2-1/2"]
[WhiteElo "2485"]
[BlackElo "2400"]
[EventDate "1992.08.??"]
[PlyCount "97"]

1.c4 Nf6 2.Nc3 e6 3.d4 Bb4 4.Qc2 O-O 5.Nf3 b6 6.e4 c5 7.e5 Ne8 8.Bd3 f5 9.
exf6 Nxf6 10.O-O cxd4 11.Ne4 h6 12.Nxd4 Na6 13.a3 Be7 14.b4 Bb7 15.Bb2 Nc7
16.Rfe1 Nce8 17.Nc3 Ng4 18.Re2 Bd6 19.h3 Qh4 20.Be4 Bxe4 21.Nxe4 Bh2+ 22.
Kh1 Nd6 23.f3 Nxe4 24.Rxe4 Nf2+ 25.Kxh2 Nxe4 26.Qxe4 Qxe4 27.fxe4 Rf2 28.
Bc1 Rf1 29.Nb5 a5 30.bxa5 Rxa5 31.Bb2 Rxa1 32.Bxa1 Ra4 33.Bd4 Rxc4 34.Bxb6
Rxe4 35.Nd6 Ra4 36.Bc5 g6 37.Bb4 Ra6 38.Kg3 Kg7 39.Kf4 Kf6 40.Ne4+ Kg7 41.
Nc5 Rd6 42.Ke4 Rd1 43.Ke3 Kf7 44.Nd3 g5 45.Ke2 Rg1 46.Ne5+ Kg7 47.Kf2 Rd1 
48.Ke2 Rg1 49.Kf2 1/2-1/2

[Event "Tumba Ladies-Veterans"]
[Site "Oranjestad ARU"]
[Date "1992.09.??"]
[Round "9"]
[White "Cramling, Pia"]
[Black "Polugaevsky, Lev"]
[Result "1/2-1/2"]
[WhiteElo "2530"]
[BlackElo "2640"]
[EventDate "1992.08.??"]
[PlyCount "82"]

1.d4 Nf6 2.c4 e6 3.Nf3 b6 4.a3 Ba6 5.Qc2 Bb7 6.Nc3 c5 7.e4 cxd4 8.Nxd4 Bc5
9.Nb3 Nc6 10.Bg5 h6 11.Bh4 Nd4 12.Nxd4 Bxd4 13.Bd3 Be5 14.Bg3 Bxg3 15.hxg3
d6 16.O-O-O a6 17.Qe2 Qc7 18.Kb1 Nd7 19.f4 O-O-O 20.Rc1 Kb8 21.b4 Rc8 22.
Qe3 g5 23.Rhd1 h5 24.Bf1 h4 25.gxh4 Rxh4 26.g3 gxf4 27.gxf4 Rg8 28.Be2 Nf6
29.Rg1 Rgh8 30.Bd3 Rh2 31.Rg3 Rh1 32.Rxh1 Rxh1+ 33.Rg1 Rxg1+ 34.Qxg1 b5 
35.Qg7 bxc4 36.Qh8+ Qc8 37.Qxf6 cxd3 38.Qd4 Qc6 39.Qxd3 Qb6 40.Kc2 Kc7 41.
e5 Kd7 1/2-1/2

[Event "Tumba Ladies-Veterans"]
[Site "Oranjestad ARU"]
[Date "1992.09.??"]
[Round "9"]
[White "Arakhamia, Ketevan"]
[Black "Panno, Oscar"]
[Result "0-1"]
[WhiteElo "2435"]
[BlackElo "2485"]
[EventDate "1992.08.??"]
[PlyCount "100"]

1.e4 e5 2.Nf3 Nc6 3.Bb5 Nf6 4.O-O Nxe4 5.d4 Nd6 6.Bxc6 dxc6 7.dxe5 Nf5 8.
Qxd8+ Kxd8 9.Rd1+ Ke8 10.Nc3 Be6 11.b3 Bb4 12.Bb2 Bxc3 13.Bxc3 Rd8 14.Ng5 
c5 15.Rxd8+ Kxd8 16.Rd1+ Ke7 17.g4 Nh4 18.h3 h5 19.f3 Ng6 20.Re1 hxg4 21.
hxg4 Bd5 22.Bd2 Nf8 23.Kg2 Ne6 24.Ne4 b6 25.f4 Rd8 26.Bc1 Nd4 27.c4 Nc2 
28.Re2 Bc6 29.Kf2 Nb4 30.Kf3 Rd4 31.a3 Nd3 32.Bd2 Nxe5+ 33.fxe5 Bxe4+ 34.
Kf2 Bb1 35.Bg5+ Ke6 36.Kg3 Rd3+ 37.Re3 Rxe3+ 38.Bxe3 Ba2 39.b4 cxb4 40.
axb4 Bxc4 41.Kf4 Bd3 42.Bd4 g6 43.Bb2 Kd5 44.Kg5 Bc4 45.Kf4 Be2 46.Bc3 c5 
47.bxc5 Kxc5 48.g5 Kc4 49.Be1 b5 50.Ke3 Bg4 0-1

[Event "Tumba Ladies-Veterans"]
[Site "Oranjestad ARU"]
[Date "1992.09.??"]
[Round "10"]
[White "Ivkov, Borislav"]
[Black "Arakhamia, Ketevan"]
[Result "1-0"]
[WhiteElo "2495"]
[BlackElo "2435"]
[EventDate "1992.08.??"]
[PlyCount "115"]

1.Nf3 Nf6 2.c4 c6 3.b3 g6 4.Bb2 Bg7 5.e4 d6 6.Be2 O-O 7.d3 e5 8.O-O Na6 9.
Nc3 Nc5 10.b4 Ne6 11.Re1 a5 12.a3 Nd7 13.Na4 f5 14.c5 b5 15.cxb6 Nxb6 16.
Nxb6 Qxb6 17.Bc3 a4 18.Bf1 Nf4 19.Nd2 Ba6 20.Nc4 Qc7 21.Rc1 Kh8 22.Bb2 Bb5
23.Rc2 Rad8 24.Qd2 Qc8 25.f3 Qb8 26.Qf2 d5 27.Na5 Rc8 28.exf5 Nxd3 29.Bxd3
Bxd3 30.Rxc6 Bxf5 31.Rb6 Qc7 32.Rb7 Qc2 33.Bxe5 Bxe5 34.Rxe5 Qxf2+ 35.Kxf2
d4 36.Ree7 g5 37.Rbc7 Rcd8 38.Nc4 d3 39.Nd2 Rfe8 40.b5 Rxe7 41.Rxe7 Rb8 
42.Re5 Bd7 43.Rxg5 Bxb5 44.Rd5 Kg7 45.Ne4 Bc4 46.Rd7+ Kg6 47.g4 Rb2+ 48.
Kg3 Bb5 49.Rb7 d2 50.Nxd2 Rxd2 51.Rxb5 Rd3 52.h4 Rxa3 53.h5+ Kh6 54.Ra5 
Ra1 55.Kf4 a3 56.Ra7 a2 57.g5+ Kxh5 58.Ra6 1-0

[Event "Tumba Ladies-Veterans"]
[Site "Oranjestad ARU"]
[Date "1992.09.??"]
[Round "10"]
[White "Geller, Efim"]
[Black "Galliamova, Alisa"]
[Result "0-1"]
[WhiteElo "2525"]
[BlackElo "2400"]
[EventDate "1992.08.??"]
[PlyCount "74"]

1.e4 c5 2.Nf3 Nc6 3.d4 cxd4 4.Nxd4 Nf6 5.Nc3 d6 6.Be2 e5 7.Nf3 h6 8.O-O 
Be7 9.Re1 O-O 10.h3 a6 11.Bf1 Qc7 12.Nd5 Nxd5 13.exd5 Nb8 14.a4 a5 15.Nd2 
f5 16.Nc4 Nd7 17.f4 Bh4 18.fxe5 Nxe5 19.Rxe5 dxe5 20.Be3 f4 21.d6 Qf7 22.
Nxe5 Qf6 23.Bc4+ Be6 24.Ng4 Qf7 25.Bxe6 Qxe6 26.Bb6 f3 27.gxf3 h5 28.Nh2 
Bg3 29.Bc5 Bxh2+ 30.Kxh2 Qe5+ 31.Kg2 Qxc5 32.Qd3 Qg5+ 33.Kh2 Qf4+ 34.Kg2 
h4 35.Qd5+ Rf7 36.Rg1 Qg3+ 37.Kf1 Qxf3+ 0-1

[Event "Tumba Ladies-Veterans"]
[Site "Oranjestad ARU"]
[Date "1992.09.07"]
[Round "11"]
[White "Arakhamia, Ketevan"]
[Black "Geller, Efim"]
[Result "1/2-1/2"]
[WhiteElo "2435"]
[BlackElo "2525"]
[EventDate "1992.08.??"]
[PlyCount "93"]

1.e4 e5 2.Nf3 Nc6 3.Bb5 a6 4.Ba4 Nf6 5.O-O Be7 6.Re1 b5 7.Bb3 O-O 8.d4 d6 
9.c3 Bg4 10.d5 Na5 11.Bc2 c6 12.h3 Bxf3 13.Qxf3 cxd5 14.exd5 Nc4 15.Nd2 
Nb6 16.Nf1 Ne8 17.Ng3 g6 18.Nf5 Bg5 19.Bxg5 Qxg5 20.h4 Qf6 21.Qg3 Rc8 22.
Rad1 Nc4 23.Rb1 Rc5 24.Red1 Nb6 25.Ne3 Qg7 26.f4 exf4 27.Qxf4 Nd7 28.a4 
Ne5 29.axb5 axb5 30.Ra1 Nc4 31.Nxc4 Rxc4 32.Qf2 Nf6 33.Ra6 Rd8 34.Bd3 Rg4 
35.Bxb5 Ne4 36.Qf3 h5 37.Ra7 Rxh4 38.Rf1 Rf8 39.Bd3 Ng5 40.Qg3 Rg4 41.Qxd6
Qh6 42.Qe7 Ne4 43.Kh2 Qe3 44.Qxf8+ Kxf8 45.Rfxf7+ Kg8 46.Rg7+ Kh8 47.Rh7+ 
1/2-1/2

[Event "Tumba Ladies-Veterans"]
[Site "Oranjestad ARU"]
[Date "1992.09.07"]
[Round "11"]
[White "Cramling, Pia"]
[Black "Panno, Oscar"]
[Result "1/2-1/2"]
[WhiteElo "2530"]
[BlackElo "2485"]
[EventDate "1992.08.??"]
[PlyCount "114"]

1.d4 Nf6 2.c4 e6 3.Nf3 d5 4.Nc3 c6 5.Bg5 h6 6.Bxf6 Qxf6 7.e3 Nd7 8.Bd3 Bd6
9.e4 dxc4 10.e5 Qd8 11.Bxc4 Be7 12.O-O O-O 13.Qe2 Qb6 14.Rfd1 Rd8 15.Bb3 
a5 16.Rac1 Nf8 17.h4 Bd7 18.Na4 Qa7 19.Qe4 Be8 20.Qe3 Rac8 21.h5 Kh8 22.
Nc5 b6 23.Ne4 a4 24.Bc2 c5 25.dxc5 bxc5 26.Rxd8 Rxd8 27.b4 axb3 28.Bxb3 
Nd7 29.Rd1 Qb8 30.Qc3 Kg8 31.Bc2 Qb4 32.Qxb4 cxb4 33.Bb3 Kf8 34.Rc1 Nb8 
35.Ned2 Nc6 36.Nc4 Na7 37.Na5 Nb5 38.Rc4 Ra8 39.Nc6 Na3 40.Rc1 Rc8 41.Ba4 
Bd8 42.g4 Bb6 43.Kg2 Bxc6 44.Rxc6 Rxc6 45.Bxc6 Bc7 46.Ba4 Nc4 47.Bb3 Nxe5 
48.Nxe5 Bxe5 49.Kf3 Bd4 50.Ke2 Ke7 51.f4 Kf6 52.Bc2 g5 53.hxg6 fxg6 54.Kf3
Bb2 55.Bd3 Bc1 56.Bc2 Bd2 57.Bd3 1/2-1/2

[Event "Tumba Ladies-Veterans"]
[Site "Oranjestad ARU"]
[Date "1992.09.08"]
[Round "12"]
[White "Panno, Oscar"]
[Black "Polgar, Zsuzsa"]
[Result "1-0"]
[WhiteElo "2485"]
[BlackElo "2540"]
[EventDate "1992.08.??"]
[PlyCount "119"]

1.c4 e5 2.g3 Nc6 3.Bg2 g6 4.Nc3 Bg7 5.e3 d6 6.Nge2 Nge7 7.d3 Bg4 8.h3 Be6 
9.Nd5 O-O 10.O-O Qd7 11.Kh2 Rae8 12.Qa4 Nc8 13.Bd2 f5 14.f4 Rf7 15.Qb5 Nd8
16.Nxc7 Qxb5 17.Nxb5 exf4 18.Nxf4 Bxb2 19.Rab1 Be5 20.Nd4 Bxf4 21.gxf4 b6 
22.a4 Rfe7 23.a5 Bf7 24.Rb3 Ne6 25.Nc6 Rc7 26.Nb4 Nc5 27.Ra3 Ne7 28.axb6 
axb6 29.Rb1 Rd8 30.Bc3 d5 31.Bf6 dxc4 32.Bxe7 Rxe7 33.Nc6 Red7 34.Nxd8 
Rxd8 35.dxc4 Rd2 36.Rxb6 Bxc4 37.Kg3 Kg7 38.Rc3 Bf1 39.Bf3 Nd7 40.Rb7 Kh6 
41.Rc1 Ba6 42.Ra7 Bb5 43.Rd1 Rxd1 44.Bxd1 Nf6 45.Bf3 Bc4 46.Rc7 Bd5 47.Rc5
Bxf3 48.Kxf3 Kh5 49.Rc7 h6 50.Rf7 Ne4 51.Re7 Nd2+ 52.Kg2 Kh4 53.Re6 h5 54.
Rxg6 Nc4 55.Rg5 Nxe3+ 56.Kf2 Nc2 57.Rxf5 Kxh3 58.Rc5 Nb4 59.Kf3 Kh4 60.Rc1
1-0

[Event "Tumba Ladies-Veterans"]
[Site "Oranjestad ARU"]
[Date "1992.09.08"]
[Round "12"]
[White "Smyslov, Vassily"]
[Black "Arakhamia, Ketevan"]
[Result "1/2-1/2"]
[WhiteElo "2530"]
[BlackElo "2435"]
[EventDate "1992.08.??"]
[PlyCount "90"]

1.Nf3 Nf6 2.c4 g6 3.Nc3 Bg7 4.d4 O-O 5.Bg5 h6 6.Bh4 d6 7.e3 c5 8.Be2 cxd4 
9.Nxd4 Nc6 10.O-O Bd7 11.Qd2 a6 12.Rfd1 Rb8 13.Rac1 Nxd4 14.exd4 b5 15.
Bxf6 Bxf6 16.cxb5 axb5 17.Qxh6 e5 18.Ne4 Bg7 19.Qd2 exd4 20.Bf3 Be6 21.b3 
Rb6 22.Qa5 Be5 23.Ng3 g5 24.Ne2 g4 25.Bc6 d3 26.Ng3 Bf4 27.Be4 Bxc1 28.
Rxc1 Rc6 29.Qd2 Rxc1+ 30.Qxc1 Qf6 31.Bxd3 Rc8 32.Qd2 Qe5 33.Qh6 Qg7 34.Qf4
Qa1+ 35.Nf1 Rc5 36.Qxd6 Rd5 37.Qb8+ Kg7 38.Bxb5 Qxa2 39.Bc4 Rf5 40.Qg3 Kf8
41.Qd6+ Ke8 42.Qb8+ Ke7 43.Qc7+ Ke8 44.Qb8+ Ke7 45.Qc7+ Ke8 1/2-1/2